00708nam a2200229Ia 4500003000400000005001700004008004100021040000700062041000800069082002100077100004600098245002300144250000600167260004800173300001300221365001300234650004400247906002600291942001200317999001900329952013000348OSt20230317145122.0210423s2006 xx 000 0 und d cAL aeng a541.3 223bLAIK aLAIDLER (Keith J);MEISER (John H).948326 aPhysical chemistry a2 aNew DelhibCambridge University Pressc2006 axvii,988 b300cINR aPhysical & Theoretical Chemistry948327 achemistry. ; Physical 2ddccBK c153739d153739 001040708ACaSACPGbSACPGd2008-12-24eAthulya Booksg300.00l0o541.3 LAIKpPG000206r2022-08-24 00:00:00w2021-04-26yBK